banner-ar

CHURCHILL'S DECEPTION : (Record no. 4654)

MARC details
000 -الفاتح
حقل البيانات ثابتة الطول 00580nam a2200193Ia 4500
008 - عناصر البيانات ثابتة الطول - معلومات عامة
حقل البيانات ثابتة الطول 140319s9999 xx 000 0 eng d
020 ## - الرقم الدولى المعيارى للكتب
الرقم الدولى المعيارى للكتاب 0671767224
040 ## - مصدر الفهرسة
وكالة الفهرسة الأصلية GCL /
وكالة النسخ GCL
082 04 - رقم تصنيف ديوى العشرى
رقم التصنيف 940.548641
رقم المادة K C
100 1# - المدخل الرئيسى - إسم شخصى
الإسم الشخصى KILZER, LOUIS C
245 10 - بيان العنوان
العنوان CHURCHILL'S DECEPTION :
بقية العنوان THE DARK SECRET THAT DESTROYED NAZI GERMANY /
بيان المسئوليه,etc KILZER, LOUIS C
260 ## - PUBLICATION, DISTRIBUTION, ETC. (IMPRINT)
تاريخ النشر أو التوزيع 1994
300 ## - الوصف المادى
التعداد 22 CM ؛
أبعاد الوعاء 335 P
650 04 - المدخل الاضافى بالموضوع-مصطلح موضوعى
مصطلح موضوعي WORLD WAR II
650 04 - المدخل الاضافى بالموضوع-مصطلح موضوعى
مصطلح موضوعي CHURCHILL, S.WINSTON
650 04 - المدخل الاضافى بالموضوع-مصطلح موضوعى
مصطلح موضوعي HESS, RUDOLF, 1894 - 1987
942 ## - عناصر المدخل الإضافي( كوها)
مصدر التصنيف او مخطط الترفيف Dewey Decimal Classification
Koha [default] item type كتاب
260 ## - PUBLICATION, DISTRIBUTION, ETC. (IMPRINT)
-- نيويورك :
-- SIMON & SCHUS TER, INC ،
Holdings
حالة التراجع حالة الفقد حالة تلف ليس للاعارة المكان المؤقت الموقع الحالى تاريخ الاكتساب اجمالي اﻻعارات رقم الطلب الباركود تاريخ اخر مشاهدة تاريخ تفعيل السعر نوع وعاء كوها
        مكتبة القاهرة الكبرى مكتبة القاهرة الكبرى 03/26/2014   940.548641\K C 10497 03/26/2014 03/26/2014 كتاب

Powered By

EGPV